<?xml version="1.0" encoding="UTF-8"?>
<record
    xmlns:xsi="http://www.w3.org/2001/XMLSchema-instance"
    xsi:schemaLocation="http://www.loc.gov/MARC21/slim http://www.loc.gov/standards/marcxml/schema/MARC21slim.xsd"
    xmlns="http://www.loc.gov/MARC21/slim">

  <leader>02468agaaa2200301   4500</leader>
  <controlfield tag="001">9053</controlfield>
  <controlfield tag="003">IT-RoPAU</controlfield>
  <controlfield tag="005">20220918181229.0</controlfield>
  <controlfield tag="007">d cvaizq</controlfield>
  <controlfield tag="008">50131s9999||||xx ||| |     ||   ||und||</controlfield>
  <datafield tag="040" ind1=" " ind2=" ">
    <subfield code="a">IT-RoPAU</subfield>
    <subfield code="c">IT-RoPAU</subfield>
  </datafield>
  <datafield tag="041" ind1=" " ind2=" ">
    <subfield code="a">ITALIANO</subfield>
  </datafield>
  <datafield tag="100" ind1=" " ind2=" ">
    <subfield code="a">De Sica Vittorio</subfield>
    <subfield code="g">Codice regista SPICS: 7270</subfield>
    <subfield code="9">39728</subfield>
  </datafield>
  <datafield tag="130" ind1=" " ind2=" ">
    <subfield code="a">GIARDINO DEI FINZI CONTINI (IL)</subfield>
    <subfield code="9">39729</subfield>
  </datafield>
  <datafield tag="245" ind1=" " ind2=" ">
    <subfield code="a">GIARDINO DEI FINZI CONTINI (IL)</subfield>
    <subfield code="c">Prodotto da: Lucari Gianni Hecht -- Sceneggiatura: Pirro Ugo Bonicelli Vittorio -- Diretto da: De Sica Vittorio</subfield>
    <subfield code="p">GIARDINO DEI FINZI CONTINI (IL) (Rif. Codice opera principale : 29053)</subfield>
  </datafield>
  <datafield tag="250" ind1=" " ind2=" ">
    <subfield code="a">Edizione Standard</subfield>
  </datafield>
  <datafield tag="260" ind1=" " ind2=" ">
    <subfield code="a">ROMA - BERLINO (ITALIA)</subfield>
    <subfield code="b">DOCUMENTO - CCC FILMKUNST / Distribuzione: RAI</subfield>
    <subfield code="g">"1970 (1&#xB0; ed.: 1986 ; Ed. Lingua Orig.: 1970)"</subfield>
  </datafield>
  <datafield tag="300" ind1=" " ind2=" ">
    <subfield code="a">VHS</subfield>
    <subfield code="b">sonoro, col.</subfield>
    <subfield code="c">93 minuti</subfield>
  </datafield>
  <datafield tag="508" ind1=" " ind2=" ">
    <subfield code="a">"Fotografia: Guarnieri Ennio; Montaggio: Novelli Adriana; Musica: De Sica Manuel; Sceneggiatura: Pirro Ugo Bonicelli Vittorio; Scenografia: Bartolini Salimbeni ; "</subfield>
  </datafield>
  <datafield tag="511" ind1=" " ind2=" ">
    <subfield code="a">"Capolicchio Lino; Sanda Dominique; Testi Fabio; Valli Romolo; Berger Helmut; Cesarei"</subfield>
  </datafield>
  <datafield tag="520" ind1=" " ind2=" ">
    <subfield code="a">TRA I POCHI FREQUENTATORI DELLA CASA DEI FINZI CONTINI UN'ANTICA ED ARISTOCRATICA FAMIGLIA EBRAICA CHE VIVE IN UNA LUSSUOSA VILLA DI FERRARA CIRCONDATA DA UN VASTO GIARDINO CI SONO DUE GIOVANI ISRAELITI GIORGIO E GIAMPAOLO AMICI DEI PIU' GIOVANI ESPONENTI DELLA FAMIGLIA MICOL E ALBERTO INNAMORATISSIMO DELLA BELLA MICOL GIORGIO SI ACCORGE CON DISAPPUNTO CHE LA RAGAZZA PUR DI DIMOSTRARGLI SIMPATIA E TENEREZZA NON ESITA A CONCEDERSI A GIAMPAOLO SONO GLI ANNI CHE PRELUDONO ALLA SECONDA GUERRA MONDIALE NEL VIVO DELLA POLITICA DI DISCRIMINAZIONE RAZZIALE LE PENE D'AMORE DI GIORGIO SONO BEN PRESTO SOPRAFFATTE DA UN DRAMMA SENZA PRECEDENTI CHE SCONVOLGE L'ESISTENZA DELLA FAMIGLIA FINZI CONTINI COME PURE DI TUTTA LA COMUNITA' EBRAICA FERRARESE MENTRE ALBERTO AFFETTO DA LUNGO TEMPO DA UNA GRAVE MALATTIA MUORE GLI ALTRI COMPONENTI DELLA FAMIGLIA FINZI CONTINI VENGONO ARRESTATI DAI NAZISTI E DEPORTATI SOLTANTO GIORGIO RIUSCIRA' A SOTTRARSI ALLA CATTURA E ALLA MORTE FILM ACOLORI LIBERAMENTE ISPIRATO AL ROMANZO DI GIORGIO BASSANI</subfield>
  </datafield>
  <datafield tag="538" ind1=" " ind2=" ">
    <subfield code="a">PAL, STEREO</subfield>
  </datafield>
  <datafield tag="546" ind1=" " ind2=" ">
    <subfield code="a">ITALIANO</subfield>
  </datafield>
  <datafield tag="650" ind1=" " ind2=" ">
    <subfield code="a">DRAMMATICO</subfield>
    <subfield code="e">FILMS [VHS]</subfield>
    <subfield code="x">Codice MATERIA SPICS: 9960</subfield>
    <subfield code="9">34083</subfield>
  </datafield>
  <datafield tag="700" ind1=" " ind2=" ">
    <subfield code="a">De Sica Manuel</subfield>
    <subfield code="e">(musica)</subfield>
    <subfield code="g">Codice Musica SPICS: 10864</subfield>
    <subfield code="9">39730</subfield>
  </datafield>
  <datafield tag="700" ind1=" " ind2=" ">
    <subfield code="a">De Sica Vittorio </subfield>
    <subfield code="e">(regista)</subfield>
    <subfield code="g">Codice regista SPICS: 7270</subfield>
    <subfield code="9">39731</subfield>
  </datafield>
  <datafield tag="942" ind1=" " ind2=" ">
    <subfield code="c">VH</subfield>
    <subfield code="2">ddc</subfield>
  </datafield>
  <datafield tag="999" ind1=" " ind2=" ">
    <subfield code="c">105144</subfield>
    <subfield code="d">105144</subfield>
  </datafield>
  <datafield tag="952" ind1=" " ind2=" ">
    <subfield code="0">0</subfield>
    <subfield code="1">0</subfield>
    <subfield code="4">0</subfield>
    <subfield code="6">29053_000000000000000</subfield>
    <subfield code="7">1</subfield>
    <subfield code="a">SPICS</subfield>
    <subfield code="b">SPICS</subfield>
    <subfield code="d">2015-01-31</subfield>
    <subfield code="l">0</subfield>
    <subfield code="o">29053</subfield>
    <subfield code="r">2015-01-31 00:00:00</subfield>
    <subfield code="w">2015-01-31</subfield>
    <subfield code="y">VH</subfield>
    <subfield code="z">Progr. Ins.: 1760 / N.Vol.:1 / Copie: 1 / Pag.: / Copia rara: NO / date import: 1.2.2015 / By Epidotti, Trombetti, Vaglietti</subfield>
  </datafield>
</record>
